[Event "Bucharest Firescu Memorial (Women)"]
[Site "Bucharest"]
[Date "2023.12.16"]
[Round "9"]
[White "Traistaru, Teodora"]
[Black "Dobre, Ana Margareta Alexa"]
[Result "0-1"]
[WhiteElo "2147"]
[BlackElo "1857"]
[PlyCount "46"]
[EventDate "2023.12.16"]
[EventType "tourn (rapid)"]
[EventRounds "9"]
[EventCountry "ROU"]
[SourceTitle "CB51_2023"]
[SourceDate "2023.12.20"]
[SourceVersion "1"]
[SourceVersionDate "2023.12.20"]
[SourceQuality "1"]

1. e4 c5 2. c3 d6 3. d4 Nf6 4. Bd3 Nc6 5. Ne2 g6 6. Nd2 Bg7 7. 0-0 0-0 8. f4 cxd4 9. Nf3 dxc3 10. Nxc3 Qb6+ 11. Kh1 Nb4 12. Bb1 Be6 13. a3 Nc6 14. Nd5 Bxd5 15. exd5 Na5 16. b4 Nc4 17. Qe2 Rac8 18. Bd3 Ng4 19. Rb1 Nce3 20. Bxe3 Nxe3 21. Rfc1 Nxd5 22. Bc4 Nc3 23. Qxe7 Rxc4 0-1

[Event "ROM-chT (Women)"]
[Site "Baile Govora"]
[Date "2017.11.13"]
[Round "3.4"]
[White "Traistaru, Teodora"]
[Black "Daulyte Cornette, Deimante"]
[Result "1/2-1/2"]
[WhiteElo "2152"]
[BlackElo "2413"]
[PlyCount "94"]
[EventDate "2017.11.11"]
[EventType "team-tourn"]
[EventRounds "9"]
[EventCountry "ROU"]
[SourceTitle "CBM 181 Extra"]
[Source "ChessBase"]
[SourceDate "2017.12.12"]
[SourceVersion "1"]
[SourceVersionDate "2017.12.12"]
[SourceQuality "1"]
[WhiteTeam "Galati Smart (W)"]
[BlackTeam "Bucharest CSM (W)"]
[WhiteTeamCountry "ROU"]
[BlackTeamCountry "ROU"]

1. e4 d6 2. d4 Nf6 3. Nc3 Nbd7 4. Nf3 e5 5. Be2 Be7 6. h3 c6 7. a4 0-0 8. 0-0 b6 9. Re1 a6 10. b3 Bb7 11. Bd3 g6 12. Bb2 Re8 13. Qd2 Bf8 14. Rad1 b5 15. axb5 axb5 16. b4 Qb6 17. Ne2 Rad8 18. Ng3 Bg7 19. h4 exd4 20. Nxd4 Ne5 21. h5 h6 22. hxg6 fxg6 23. Kh1 c5 24. Nxb5 Nxd3 25. Qxd3 Ng4 26. Qb3+ c4 27. Qxc4+ d5 28. exd5 Rxe1+ 29. Rxe1 Qxf2 30. Re7 Bxb2 31. Qxg4 Bxd5 32. Qxg6+ Kf8 33. Re2 Qf4 34. Qf5+ Qxf5 35. Nxf5 Bc4 36. Rf2 Rd1+ 37. Kh2 Be5+ 38. g3 Rf1 39. Rxf1 Bxf1 40. Nbd4 Ke8 41. Nf3 Bc3 42. Nxh6 Bxb4 43. Nf5 Ba5 44. c4 Bc7 45. Ne3 Bxc4 46. Nxc4 Bxg3+ 47. Kxg3 Ke7 1/2-1/2

[Event "ROM-chT (Women)"]
[Site "Mamaia"]
[Date "2015.10.07"]
[Round "5.3"]
[White "Traistaru, Teodora"]
[Black "Atalik, Ekaterina"]
[Result "0-1"]
[WhiteElo "2170"]
[BlackElo "2384"]
[PlyCount "114"]
[EventDate "2015.10.03"]
[EventType "team-tourn"]
[EventRounds "9"]
[EventCountry "ROU"]
[SourceTitle "CBM 168 Extra"]
[Source "ChessBase"]
[SourceDate "2015.10.29"]
[SourceVersion "1"]
[SourceVersionDate "2015.10.29"]
[SourceQuality "1"]
[WhiteTeam "Galati Smart (W)"]
[BlackTeam "Timisoara Medicina (W)"]
[WhiteTeamCountry "ROU"]
[BlackTeamCountry "ROU"]

1. e4 e5 2. Nf3 Nc6 3. Bb5 g6 4. Bxc6 dxc6 5. d4 exd4 6. Qxd4 Qxd4 7. Nxd4 Bg7 8. Nb3 b6 9. 0-0 Bd7 10. c3 0-0-0 11. a4 a5 12. Be3 c5 13. N1d2 Ne7 14. Nc4 Be6 15. Nbd2 Nc6 16. f4 Rhe8 17. e5 f6 18. Rfe1 Bxc4 19. Nxc4 fxe5 20. fxe5 Nxe5 21. Nxe5 Rxe5 22. Bf4 Rxe1+ 23. Rxe1 Rd7 24. Re8+ Kb7 25. Kf2 Kc6 26. Ke2 Rf7 27. g3 Bf8 28. c4 Kd7 29. Re4 Bd6 30. Bd2 Rf5 31. Be1 h5 32. h3 c6 33. b3 Rf8 34. Re3 Rb8 35. g4 hxg4 36. hxg4 Rh8 37. Rf3 Be5 38. Rf7+ Ke6 39. Rb7 Rh2+ 40. Kf1 Rh1+ 41. Ke2 Rh2+ 42. Kf1 Kd6 43. Rxb6 Rh1+ 44. Ke2 Rxe1+ 45. Kxe1 Kc7 46. Ra6 Kb7 47. Rxa5 Bc3+ 48. Ke2 Bxa5 49. Kd3 Kc7 50. Ke4 Kd6 51. Kf4 Bd2+ 52. Ke4 Ke6 53. Kd3 Bb4 54. Ke4 g5 55. Kf3 Ke5 56. Ke3 Ba5 57. Kf3 Kd4 0-1

[Event "ROM-chT (Women)"]
[Site "Mamaia"]
[Date "2015.10.06"]
[Round "4.1"]
[White "Cosma, Elena Luminita"]
[Black "Traistaru, Teodora"]
[Result "1/2-1/2"]
[WhiteElo "2315"]
[BlackElo "2170"]
[PlyCount "88"]
[EventDate "2015.10.03"]
[EventType "team-tourn"]
[EventRounds "9"]
[EventCountry "ROU"]
[SourceTitle "CBM 168 Extra"]
[Source "ChessBase"]
[SourceDate "2015.10.29"]
[SourceVersion "1"]
[SourceVersionDate "2015.10.29"]
[SourceQuality "1"]
[WhiteTeam "Bucharest Apa Nova (W)"]
[BlackTeam "Galati Smart (W)"]
[WhiteTeamCountry "ROU"]
[BlackTeamCountry "ROU"]

1. d4 d5 2. Nf3 Nf6 3. c4 c6 4. Nc3 e6 5. e3 Nbd7 6. Bd3 Be7 7. 0-0 0-0 8. e4 dxe4 9. Nxe4 Nxe4 10. Bxe4 Nf6 11. Bc2 c5 12. Qd3 cxd4 13. Bg5 g6 14. Rad1 Nd7 15. Bxe7 Qxe7 16. Qxd4 a5 17. a3 a4 18. Ne5 Nxe5 19. Qxe5 b6 20. Qd6 Qxd6 21. Rxd6 Ba6 22. Bxa4 Bxc4 23. Bc6 Bxf1 24. Bxa8 Be2 25. Bb7 b5 26. Ba6 Ra8 27. a4 Kf8 28. f3 Rb8 29. b3 Ke7 30. Rd2 Rb6 31. Bxb5 Bxb5 32. axb5 Rxb5 33. Rd3 Rc5 34. Rd4 Rc2 35. Rb4 e5 36. Rb6 Rb2 37. h4 h5 38. Kh2 f6 39. Kg3 Kf7 40. b4 f5 41. Rb7+ Kf6 42. Rb6+ Kf7 43. Rb7+ Kf6 44. Rb6+ Kf7 1/2-1/2

[Event "Cappelle op 30th"]
[Site "Cappelle la Grande"]
[Date "2014.03.03"]
[Round "3"]
[White "Traistaru, Teodora"]
[Black "Georgescu, Tiberiu Marian"]
[Result "0-1"]
[WhiteElo "2196"]
[BlackElo "2468"]
[PlyCount "62"]
[EventDate "2014.03.01"]
[EventType "swiss"]
[EventRounds "9"]
[EventCountry "FRA"]
[SourceTitle "CBM 159 Extra"]
[Source "ChessBase"]
[SourceDate "2014.04.24"]
[SourceVersion "1"]
[SourceVersionDate "2014.04.24"]
[SourceQuality "1"]

1. e4 e5 2. Nf3 Nc6 3. Bb5 a6 4. Bxc6 dxc6 5. 0-0 Qf6 6. d4 exd4 7. Qxd4 Qxd4 8. Nxd4 Bd7 9. Bg5 Ne7 10. Nd2 0-0-0 11. Nc4 f6 12. Be3 c5 13. Nb3 Be6 14. Ncd2 Nc6 15. c3 a5 16. Rad1 b6 17. f4 a4 18. Nc1 Na5 19. e5 fxe5 20. fxe5 Be7 21. Nf3 Rxd1 22. Rxd1 Nc4 23. Bg5 Nxb2 24. Re1 Re8 25. Bxe7 Rxe7 26. Ng5 Bg8 27. Re2 a3 28. Kf2 h6 29. Nf3 Nd1+ 30. Kg3 Nxc3 31. Re3 Nxa2 0-1

[Event "ROM-chT (Women)"]
[Site "Baile Herculane"]
[Date "2010.09.12"]
[Round "9.43"]
[White "Traistaru, Teodora"]
[Black "Foisor, Mihaela Veronica"]
[Result "1-0"]
[WhiteElo "2206"]
[BlackElo "2210"]
[PlyCount "81"]
[EventDate "2010.09.04"]
[EventType "team-tourn"]
[EventRounds "9"]
[EventCountry "ROU"]
[SourceTitle "EXT 2021"]
[Source "ChessBase"]
[SourceDate "2020.10.23"]
[SourceVersion "1"]
[SourceVersionDate "2020.10.23"]
[SourceQuality "1"]

1. e4 e6 2. d4 d5 3. Nd2 Nf6 4. e5 Nfd7 5. Bd3 c5 6. c3 Nc6 7. Ne2 cxd4 8. cxd4 f6 9. exf6 Qxf6 10. Nf3 h6 11. 0-0 Bd6 12. Ng3 0-0 13. Bc2 Rd8 14. Re1 Nf8 15. Nh5 Qf7 16. Ng3 Qf6 17. Nh5 Qf7 18. Ne5 Bxe5 19. dxe5 d4 20. Nf4 Qc7 21. Nd3 a5 22. Bd2 Bd7 23. Rc1 Be8 24. Qg4 Kh8 25. Bb3 Qe7 26. Nc5 Bf7 27. f4 Nb4 28. Bxb4 axb4 29. Qf3 Rab8 30. Ne4 Ng6 31. g3 Be8 32. Nd6 Bc6 33. Qd3 Nf8 34. Qxd4 Nd7 35. Qd3 Nf8 36. f5 Bd7 37. Rc7 Kg8 38. fxe6 Nxe6 39. Qg6 Re8 40. Nxe8 Rxe8 41. Rd1 1-0

[Event "Braila Albulet Memorial (Women) 3rd"]
[Site "Braila"]
[Date "2010.07.21"]
[Round "9"]
[White "Makropoulou, Marina"]
[Black "Traistaru, Teodora"]
[Result "1/2-1/2"]
[WhiteElo "2245"]
[BlackElo "2194"]
[PlyCount "69"]
[EventDate "2010.07.15"]
[EventType "tourn"]
[EventRounds "9"]
[EventCountry "ROU"]
[SourceTitle "CBM 137 Extra"]
[Source "ChessBase"]
[SourceDate "2010.09.01"]
[SourceVersion "1"]
[SourceVersionDate "2010.09.01"]
[SourceQuality "1"]

1. e4 c6 2. d4 d5 3. Nc3 dxe4 4. Nxe4 Nd7 5. Ne2 Ngf6 6. N2g3 Nxe4 7. Nxe4 Nf6 8. Nxf6+ exf6 9. Bc4 Bd6 10. 0-0 0-0 11. Qf3 Qc7 12. h3 Be6 13. Bd3 Qd7 14. Be3 Bc7 15. Rfd1 Qd5 16. Qxd5 Bxd5 17. c4 Be6 18. Rac1 Bb6 19. Be4 Rfe8 20. Bf3 Rad8 21. b4 f5 22. b5 f4 23. Bxf4 Rxd4 24. Rxd4 Bxd4 25. bxc6 bxc6 26. Bxc6 Rc8 27. Bb5 h6 28. a4 Bb2 29. Rc2 Ba3 30. Be3 Bc5 31. Bxc5 Rxc5 32. f3 Bc8 33. Rd2 a6 34. Rd8+ Kh7 35. Bd7 1/2-1/2

[Event "Eforie Nord op 2nd"]
[Site "Eforie Nord"]
[Date "2010.06.19"]
[Round "2"]
[White "Traistaru, Teodora"]
[Black "Thesing, Matthias"]
[Result "1/2-1/2"]
[WhiteElo "2180"]
[BlackElo "2425"]
[PlyCount "130"]
[EventDate "2010.06.18"]
[EventType "swiss"]
[EventRounds "11"]
[EventCountry "ROU"]
[SourceTitle "CBM 137 Extra"]
[Source "ChessBase"]
[SourceDate "2010.09.01"]
[SourceVersion "1"]
[SourceVersionDate "2010.09.01"]
[SourceQuality "1"]

1. e4 c5 2. c3 e6 3. d4 d5 4. e5 Nc6 5. Nf3 Bd7 6. Be2 f6 7. exf6 Nxf6 8. Be3 Qb6 9. Qc1 Rc8 10. Nbd2 cxd4 11. Nxd4 Qc7 12. 0-0 e5 13. Nxc6 bxc6 14. Re1 Bd6 15. c4 d4 16. Bg5 0-0 17. c5 Be7 18. Bd3 Rce8 19. Qc2 h6 20. Bh4 Nd5 21. Bxe7 Rxe7 22. Ne4 Kh8 23. a3 Be6 24. Nd6 Bg8 25. b4 a5 26. bxa5 Qxa5 27. Nc4 Qc7 28. Nd6 Qa5 29. Nc4 Qc7 30. Nd6 Nf4 31. Be4 Qa5 32. Kh1 d3 33. Bxd3 Nxd3 34. Qxd3 Rxf2 35. Qg3 Rc2 36. Rxe5 Rxe5 37. Qxe5 Qxc5 38. Qxc5 Rxc5 39. a4 Bd5 40. Nf5 Ra5 41. Nd4 Kg8 42. Kg1 Kf7 43. g3 Kf6 44. Kf2 Ke5 45. Ke3 Rc5 46. Ra3 Rc1 47. Ne2 Re1 48. Kd2 Rh1 49. a5 c5 50. a6 Ba8 51. h4 Kd6 52. Ra5 Kc6 53. Nc3 Kb6 54. Rb5+ Kxa6 55. Rxc5 Rh2+ 56. Ke3 Rc2 57. Rc4 Bh1 58. Ra4+ Kb7 59. Ne2 Rc7 60. g4 Re7+ 61. Kf2 Bc6 62. Rf4 Kc8 63. Nd4 Bd7 64. Nf5 Bxf5 65. Rxf5 Kd7 1/2-1/2

[Event "ROM-ch U20 Girls"]
[Site "Voineasa"]
[Date "2010.04.13"]
[Round "8"]
[White "Dobre, Ana Margareta Alexa"]
[Black "Traistaru, Teodora"]
[Result "0-1"]
[WhiteElo "1848"]
[BlackElo "2185"]
[PlyCount "88"]
[EventDate "2010.04.08"]
[EventType "tourn"]
[EventRounds "9"]
[EventCountry "ROU"]
[SourceTitle "EXT 2020"]
[Source "ChessBase"]
[SourceDate "2019.10.17"]
[SourceVersion "1"]
[SourceVersionDate "2019.10.17"]
[SourceQuality "1"]

1. e4 c5 2. Nf3 d6 3. d4 cxd4 4. Nxd4 Nf6 5. Nc3 a6 6. Be3 e5 7. Nb3 Be6 8. f3 Be7 9. Qd2 b5 10. 0-0-0 Nbd7 11. g4 Nb6 12. h4 Nc4 13. Bxc4 bxc4 14. Na1 Qa5 15. Qf2 Rb8 16. Rdg1 Qb4 17. h5 d5 18. Nd1 c3 19. Nb3 d4 20. Bg5 a5 21. Nxc3 dxc3 22. bxc3 Qa3+ 23. Kb1 a4 24. Qa7 Rc8 25. Bc1 Qd6 26. Qxa4+ Bd7 27. Qa5 0-0 28. c4 Rxc4 29. g5 Ne8 30. g6 Ra4 31. Qc3 fxg6 32. hxg6 hxg6 33. Bg5 Nf6 34. Rg2 Rc8 35. Qd2 Qxd2 36. Rxd2 Be6 37. Rdh2 Kf7 38. Rh8 Rc7 39. R8h2 Rca7 40. c3 Ra3 41. Bc1 R3a6 42. Be3 Rb7 43. Kb2 Ra3 44. Kc2 Rxa2+ 0-1

[Event "ROM-ch U20 Girls"]
[Site "Voineasa"]
[Date "2010.04.11"]
[Round "5"]
[White "Ursente, Maria Eugenia"]
[Black "Traistaru, Teodora"]
[Result "0-1"]
[WhiteElo "1959"]
[BlackElo "2185"]
[PlyCount "68"]
[EventDate "2010.04.08"]
[EventType "tourn"]
[EventRounds "9"]
[EventCountry "ROU"]
[SourceTitle "EXT 2020"]
[Source "ChessBase"]
[SourceDate "2019.10.17"]
[SourceVersion "1"]
[SourceVersionDate "2019.10.17"]
[SourceQuality "1"]

1. d4 d5 2. c4 c6 3. Nc3 Nf6 4. Nf3 e6 5. e3 Nbd7 6. Bd3 Be7 7. 0-0 0-0 8. Qc2 a6 9. b3 dxc4 10. Bxc4 b5 11. Bd3 c5 12. Ne4 Bb7 13. Nxc5 Nxc5 14. dxc5 Bxc5 15. Bxh7+ Nxh7 16. Qxc5 Bxf3 17. gxf3 Qf6 18. Ba3 Qxf3 19. Qe5 Rfd8 20. Qg3 Qe2 21. Bb4 Rd5 22. h4 Nf6 23. Bc3 Nh5 24. Qg2 Rc8 25. Bd4 Rxd4 26. exd4 Nf4 27. Qg3 Qe4 28. Kh2 Ne2 29. Qh3 Qf4+ 30. Kg2 Qxd4 31. Qf3 Nf4+ 32. Kg1 Rc3 33. Rad1 Rxf3 34. Rxd4 Ne2+ 0-1

[Event "ROM-chT (Women)"]
[Site "Eforie Nord"]
[Date "2009.09.25"]
[Round "7"]
[White "Sgircea, Silvia Raluca"]
[Black "Traistaru, Teodora"]
[Result "1/2-1/2"]
[WhiteElo "2226"]
[BlackElo "2205"]
[PlyCount "52"]
[EventDate "2009.09.19"]
[EventType "team"]
[EventRounds "9"]
[EventCountry "ROU"]
[SourceTitle "CBM 132 Extra"]
[Source "ChessBase"]
[SourceDate "2009.11.03"]
[SourceVersion "1"]
[SourceVersionDate "2009.11.03"]
[SourceQuality "1"]

1. Nf3 d5 2. g3 c6 3. Bg2 Bg4 4. 0-0 Nd7 5. d4 Ngf6 6. b3 e6 7. c4 Be7 8. Bb2 Ne4 9. Nbd2 f5 10. Ne1 Bh5 11. Ndf3 0-0 12. Nd3 b5 13. Nfe5 Rc8 14. Qc2 Nxe5 15. Nxe5 Bf6 16. Rad1 Bxe5 17. dxe5 Qa5 18. Bd4 Nc5 19. f3 bxc4 20. bxc4 Nd7 21. cxd5 cxd5 22. Qd2 Qa4 23. Rc1 Nb6 24. Bxb6 axb6 25. Qe3 b5 26. Qb6 Bf7 1/2-1/2

[Event "ROM-chT (Women)"]
[Site "Eforie Nord"]
[Date "2009.09.19"]
[Round "1"]
[White "Botezatu, Mirela"]
[Black "Traistaru, Teodora"]
[Result "0-1"]
[WhiteElo "1845"]
[BlackElo "2205"]
[PlyCount "100"]
[EventDate "2009.09.19"]
[EventType "team"]
[EventRounds "9"]
[EventCountry "ROU"]
[SourceTitle "CBM 132 Extra"]
[Source "ChessBase"]
[SourceDate "2009.11.03"]
[SourceVersion "1"]
[SourceVersionDate "2009.11.03"]
[SourceQuality "1"]

1. e4 c5 2. g3 a6 3. Bg2 Nc6 4. f4 g6 5. Nf3 Bg7 6. c3 d5 7. d3 dxe4 8. dxe4 Qxd1+ 9. Kxd1 Nf6 10. Nbd2 Be6 11. Nf1 Nh5 12. h3 Rd8+ 13. Ke1 Bc4 14. Kf2 e5 15. Be3 b6 16. N1d2 Bd3 17. Ne1 0-0 18. Nxd3 Rxd3 19. Bf1 Rxe3 20. Kxe3 Nxg3 21. Bxa6 exf4+ 22. Kxf4 Nxh1 23. Kf3 f5 24. Rxh1 Ne5+ 25. Kg2 f4 26. Nf3 Rd8 27. Re1 h6 28. Nxe5 Bxe5 29. Bc4+ Kg7 30. Bd5 Kf6 31. Kf3 Rd7 32. a4 g5 33. Rg1 h5 34. Rg2 Rg7 35. Bc4 Bb8 36. Bb3 Bc7 37. Bc4 Ke5 38. Bd5 Bd6 39. Rg1 Be7 40. Rg2 Bf6 41. Rg1 Bd8 42. Bc6 Be7 43. Bd5 Rh7 44. Rg2 Bf6 45. Rh2 g4+ 46. Kg2 Bh4 47. Kf1 g3 48. Rd2 f3 49. Bc4 g2+ 50. Kg1 Rg7 0-1

[Event "EU-ch U18 Girls 18th"]
[Site "Herceg Novi"]
[Date "2008.09.24"]
[Round "9"]
[White "Traistaru, Teodora"]
[Black "Agrest, Inna"]
[Result "1-0"]
[WhiteElo "2162"]
[BlackElo "2206"]
[PlyCount "131"]
[EventDate "2008.09.15"]
[EventType "swiss"]
[EventRounds "9"]
[EventCountry "MNE"]
[SourceTitle "CBM 126 Extra"]
[Source "ChessBase"]
[SourceDate "2008.11.05"]
[SourceVersion "1"]
[SourceVersionDate "2008.11.05"]
[SourceQuality "1"]

1. e4 e5 2. Nf3 Nc6 3. Bb5 a6 4. Ba4 Nf6 5. 0-0 b5 6. Bb3 Bc5 7. c3 d6 8. d4 Bb6 9. a4 Rb8 10. a5 Ba7 11. h3 0-0 12. Be3 b4 13. dxe5 Bxe3 14. exf6 Bh6 15. Bd5 Nxa5 16. fxg7 Bxg7 17. Rxa5 c6 18. Bxf7+ Rxf7 19. Rh5 Bf6 20. e5 dxe5 21. Qxd8+ Bxd8 22. Nxe5 Rf6 23. Nd3 bxc3 24. Nxc3 Bf5 25. Rg5+ Kf8 26. Rg3 Bc7 27. Rf3 Rf7 28. Na4 Bd6 29. Rc1 Be4 30. Rxf7+ Kxf7 31. Ndc5 Bd5 32. Nxa6 Rg8 33. g3 Ra8 34. N6c5 Rb8 35. Nd3 Be4 36. Nac5 Bd5 37. Nd7 Rb3 38. Rc3 Rb7 39. N7e5+ Bxe5 40. Nxe5+ Ke6 41. Nxc6 Rxb2 42. Rc1 Kd6 43. Nd4 Ke5 44. Nc2 Bb7 45. Ne3 Ra2 46. Re1 Kf6 47. Ng2 Rc2 48. Rb1 Ba8 49. g4 Ra2 50. Rb5 Kg7 51. Rb3 Kf6 52. f3 Bd5 53. Rc3 Ke5 54. f4+ Kd4 55. Rg3 Ra1+ 56. Kh2 Ra2 57. h4 Ra4 58. h5 Be4 59. g5 Ra5 60. Nh4 Ra1 61. Kh3 Rf1 62. Kg4 Bc6 63. Nf5+ Kc5 64. g6 hxg6 65. hxg6 Bd5 66. Ne3 1-0

[Event "ROM-chT (Women)"]
[Site "Eforie Nord"]
[Date "2008.09.08"]
[Round "8.5"]
[White "Uta, Adeline Ramona"]
[Black "Traistaru, Teodora"]
[Result "0-1"]
[WhiteElo "1984"]
[BlackElo "2160"]
[PlyCount "58"]
[EventDate "2008.09.01"]
[EventType "team-tourn"]
[EventRounds "9"]
[EventCountry "ROU"]
[SourceTitle "EXT 2013"]
[Source "ChessBase"]
[SourceDate "2012.11.22"]
[SourceVersion "1"]
[SourceVersionDate "2012.11.22"]
[SourceQuality "1"]

1. e4 c5 2. Nf3 d6 3. d4 cxd4 4. Nxd4 Nf6 5. Nc3 a6 6. Be3 e5 7. Nb3 Be6 8. Qd2 Be7 9. f3 0-0 10. 0-0-0 a5 11. Bb5 Na6 12. Qe2 Qb8 13. g4 Rc8 14. Kb1 Nc7 15. Qd2 a4 16. Nc1 a3 17. g5 axb2 18. Kxb2 Nxb5 19. Nxb5 Ne8 20. h4 Ra6 21. Nb3 Nc7 22. Nxc7 Qxc7 23. h5 d5 24. exd5 Bxd5 25. Rh2 Bxf3 26. g6 Bxd1 27. Qxd1 Qc3+ 28. Kb1 Qxe3 29. gxh7+ Kxh7 0-1

[Event "ROM-chT (Women)"]
[Site "Eforie Nord"]
[Date "2008.09.02"]
[Round "2.2"]
[White "Craciun, Paula Iulia"]
[Black "Traistaru, Teodora"]
[Result "0-1"]
[WhiteElo "2151"]
[BlackElo "2160"]
[PlyCount "80"]
[EventDate "2008.09.01"]
[EventType "team-tourn"]
[EventRounds "9"]
[EventCountry "ROU"]
[SourceTitle "EXT 2013"]
[Source "ChessBase"]
[SourceDate "2012.11.22"]
[SourceVersion "1"]
[SourceVersionDate "2012.11.22"]
[SourceQuality "1"]

1. Nf3 d5 2. g3 Nf6 3. Bg2 Bg4 4. d4 e6 5. 0-0 Bd6 6. b3 Bxf3 7. exf3 0-0 8. Bb2 Nbd7 9. Re1 c5 10. c3 cxd4 11. cxd4 Bb4 12. Re3 Rc8 13. a3 Ba5 14. Nc3 Ne8 15. f4 Nd6 16. g4 Re8 17. Rh3 Qf6 18. Qd3 Nf8 19. f5 Bxc3 20. Bxc3 exf5 21. gxf5 Ne4 22. Bb4 Qxf5 23. Rf3 Qg6 24. Re1 Ne6 25. Kf1 b6 26. Bh3 Qh6 27. Qe3 a5 28. Qxh6 gxh6 29. Rxe4 dxe4 30. Rg3+ Kh8 31. Bc3 Rxc3 32. Rxc3 Nxd4 33. b4 axb4 34. axb4 b5 35. Bg2 Re5 36. Re3 f5 37. f3 Nc2 38. Re2 Nxb4 39. fxe4 Nd3 40. exf5 Rxe2 0-1

[Event "ROM-ch (Women)"]
[Site "Napoca"]
[Date "2008.02.25"]
[Round "3"]
[White "Paulet, Iozefina"]
[Black "Traistaru, Teodora"]
[Result "1-0"]
[WhiteElo "2285"]
[BlackElo "2160"]
[PlyCount "103"]
[EventDate "2008.02.25"]
[EventType "swiss"]
[EventRounds "9"]
[EventCountry "ROU"]
[SourceTitle "CBM 123 Extra"]
[Source "ChessBase"]
[SourceDate "2008.05.06"]
[SourceVersion "1"]
[SourceVersionDate "2008.05.06"]
[SourceQuality "1"]

1. e4 c5 2. Nc3 a6 3. a4 Nc6 4. f4 g6 5. Nf3 Bg7 6. g3 d6 7. Bg2 e6 8. d3 Nge7 9. 0-0 0-0 10. Kh1 Rb8 11. Ne2 f5 12. c3 d5 13. exf5 exf5 14. d4 c4 15. b3 cxb3 16. Qxb3 Na5 17. Qa2 Nc4 18. Ne5 Be6 19. Ng1 h6 20. Ngf3 Kh7 21. Re1 Bg8 22. Nd2 Nxd2 23. Qxd2 Nc8 24. Ba3 Re8 25. Bc5 Nd6 26. Bxd6 Qxd6 27. Reb1 Bf6 28. a5 Bd8 29. Rb3 Re7 30. Qa2 Qc7 31. Ra3 Qd6 32. Rb1 Rg7 33. Bf1 Be6 34. Rab3 Bc8 35. Qa4 Bd7 36. Qa2 Be8 37. Bd3 Qc7 38. Bxa6 Qxa5 39. Ra3 Qc7 40. Bb5 Be7 41. Bxe8 Rxe8 42. Rab3 Rd8 43. Qa7 Bf6 44. Qxb7 Bxe5 45. fxe5 Qc4 46. Qb5 Qc8 47. Qa5 Rdd7 48. Rb8 Qc4 49. Qa8 g5 50. Rh8+ Kg6 51. Qe8+ Rdf7 52. e6 1-0

[Event "ROM-ch (Women)"]
[Site "Napoca"]
[Date "2008.02.25"]
[Round "6"]
[White "Traistaru, Teodora"]
[Black "Peptan, Corina Isabela"]
[Result "0-1"]
[WhiteElo "2160"]
[BlackElo "2403"]
[PlyCount "76"]
[EventDate "2008.02.25"]
[EventType "swiss"]
[EventRounds "9"]
[EventCountry "ROU"]
[SourceTitle "CBM 123 Extra"]
[Source "ChessBase"]
[SourceDate "2008.05.06"]
[SourceVersion "1"]
[SourceVersionDate "2008.05.06"]
[SourceQuality "1"]

1. e4 c5 2. c3 Nf6 3. e5 Nd5 4. d4 cxd4 5. cxd4 d6 6. Nf3 e6 7. Bc4 Nb6 8. Bb3 dxe5 9. Nxe5 Nc6 10. Nf3 Be7 11. 0-0 Bf6 12. Be3 Nb4 13. Nc3 N4d5 14. Ne4 Be7 15. Ne5 0-0 16. Bc2 f5 17. Nc3 Nxe3 18. fxe3 Nd7 19. Nxd7 Bxd7 20. d5 Bc5 21. Bb3 Bxe3+ 22. Kh1 e5 23. d6+ Kh8 24. Nd5 Bd4 25. Ne7 Rf6 26. Qh5 Rh6 27. Qf7 Rf6 28. Qh5 Qf8 29. Rf3 Rh6 30. Qg5 Qf6 31. Qxf6 Rxf6 32. Rh3 g6 33. Rc1 Rxd6 34. Rc7 Kg7 35. Rxb7 Re8 36. Nd5 e4 37. Nc7 Rc8 38. Bc4 Bb6 0-1

[Event "Bucharest op"]
[Site "Bucharest"]
[Date "2007.09.??"]
[Round "?"]
[White "Traistaru, Teodora"]
[Black "Doncea, Vladimir"]
[Result "0-1"]
[WhiteElo "2137"]
[BlackElo "2456"]
[PlyCount "80"]
[EventDate "2007.09.??"]
[EventType "swiss"]
[EventRounds "9"]
[EventCountry "ROU"]
[SourceTitle "EXT 2010"]
[Source "ChessBase"]
[SourceDate "2010.11.25"]
[SourceVersion "1"]
[SourceVersionDate "2010.11.25"]
[SourceQuality "1"]

1. e4 e6 2. d4 c5 3. Nf3 cxd4 4. Nxd4 Nf6 5. Bd3 Nc6 6. Be3 e5 7. Nb5 a6 8. N5c3 d6 9. Nd2 Be6 10. Bg5 Be7 11. Bxf6 Bxf6 12. Nd5 Bxd5 13. exd5 Ne7 14. c4 g6 15. Ne4 Bg7 16. Qa4+ b5 17. cxb5 0-0 18. bxa6 Nxd5 19. 0-0 Nf4 20. Bb5 d5 21. Rfd1 Qb6 22. Nc3 d4 23. Ne2 Ne6 24. Rac1 Rfb8 25. Rc6 Qd8 26. Bc4 Rxb2 27. Bxe6 fxe6 28. Qc4 Qd5 29. Rc8+ Rxc8 30. Qxc8+ Bf8 31. Nc1 Rb4 32. Nd3 Ra4 33. h3 Qd6 34. Rb1 Rxa6 35. Nxe5 Ra7 36. Rb8 Rc7 37. Qd8 Rc1+ 38. Kh2 Qxe5+ 39. g3 Qf5 40. Qxd4 Qf3 0-1